Revised manuring programme for young replantings (Record no. 66978)

MARC details
000 -LEADER
fixed length control field 00319nam a2200121Ia 4500
245 #0 - TITLE STATEMENT
Title Revised manuring programme for young replantings
260 ## - PUBLICATION, DISTRIBUTION, ETC. (IMPRINT)
Name of publisher Planters Bulletin
Year of publication 1963
300 ## - PHYSICAL DESCRIPTION
Number of Pages 79-85
650 ## - SUBJECT ADDED ENTRY--TOPICAL TERM
Topical Term Fertiliserr application
650 ## - SUBJECT ADDED ENTRY--TOPICAL TERM
Topical Term Manuring
942 ## - ADDED ENTRY ELEMENTS (KOHA)
Koha item type Journals
Holdings
Withdrawn status Lost status Damaged status Not for loan Home library Current library Shelving location Date acquired Serial Enumeration / chronology Koha item type
      Journals RRII Library RRII Library Soils and agonomy 17/12/2021 Volume 67, Issue Journals